000 00256nam a22001097a 4500
008 170126b xxu||||| |||| 00| 0 eng d
020 _a0253362075
041 _aeng
080 _a61
245 _aTHE PATIENT-PHYSICIAN RELATION
_cVEATCH, R.M
942 _2udc
_cBK
999 _c3728
_d3728